Statistiques concernant Clubs de Ligue 2 BKT (2020-2021)

Cliquez ici pour prendre le quiz!

Statistiques générales

  • Ce quiz a été pris 39 fois
  • Le résultat moyen est 16 sur 20

Statistiques - réponses

% Correct
Toulouse FC
97%
FC Sochaux-Montbéliard
92%
SM Caen
92%
Clermont Foot 63
89%
Paris FC
89%
AC Ajaccio
86%
AJ Auxerre
86%
AS Nancy Lorraine
86%
EA Guingamp
86%
Grenoble Foot 38
86%
Valenciennes FC
84%
Amiens SC
81%
ESTAC Troyes
81%
Pau FC
76%
Le Havre AC
73%
Rodez AF
73%
USL Dunkerque
73%
Chamois Niortais
70%
FC Chambly Oise
68%
LB Châteauroux
68%

Distribution des résultats

Percentile par nombre de réponses

% des personnes avec chaque résultat

Votre développement - résultats

Vous n’avez pas pris ce quiz